Регионална библиотека "Любен Каравелов" - Русе

Най-нова песнопойка с разни старонародни, народни и любовни песни (Запис номер 433063)

MARC детайли
000 -Лидер
Контролно поле с фиксирана дължина nam a22 a 4500
003 - Код на организацията, давaща контролен номер
Контролно поле BLK
005 - Дата и час на последна редакция
Контролно поле 20211001155438.0
008 - Елементи от данни с фиксирана дължина
fixed length control field 210727b bu |||||r|||| 00| | bu d
040 ## - Източник на каталожния запис
Идентификатор на билиотеката - собственик на записа BLK
041 ## - Код за език
Код за езика на текст/звукозапис или на отделно заглавие Български
Код за езика КДБФ Български
080 ## - УДК
Текстов определител УДК Българска литература
УДК код - определител по УДК 821.163.2
УДК определител -1
УДК - код + определител 821.163.2-1
139 ## - Редно поле
Редна дума Най-нова песнопойка с разни старонародни, народни и любовни песни
245 ## - Сведения за заглавието
Заглавие Най-нова песнопойка с разни старонародни, народни и любовни песни
Подзаглавни данни на български, турски и румънски
Редно поле (дума) състав. Цаню Николов.
260 ## - Област на издателските данни
9 (RLIN) 437666
Място на издаване, разпространение и проч. В. Търново
Име на издателя, разпространителя и проч. печ. на Н. М. Церовски
Година на издаване 1911
300 ## - Физическа характеристика
Страници 288 с.
Размери/Мащаб 15 см
380 ## - Жанр
Жанр Худож. лит.
700 ## - Други автори (авторска отговорност)
9 (RLIN) 1450
Лично име Николов, Цаню
Автороска отговорност (Описва отношението между автора и произведението) състав.
852 ## - Местоположение
Форматна сигнатура Цб
Фондова буква Хранилище
999 ## - СИСТЕМНИ КОНТРОЛНИ НОМЕРА
Koha biblionumber 433063
Koha biblioitemnumber 433063
942 ## - АРТИКУЛИ
Вид на библиотечния материал Книги
Скрит в OPAC Не
Периодичен библиозапис Да
944 ## - СЪЗДАВАНЕ И РЕДАКЦИЯ на ЗАПИСА
Създаване/Редакция Създаване
Дата на регистрацията/редакция 2021-10-01
Служител, извършил регистрацията/редакцията нр
Наличности
Код за отписване Код за изгубен артикул Източник на класификационната схема Код за повреда Коз за рестрикции Код за отдаване Артикулен № Име на библиотеката - собственик Име на библиотеката, в която се намира в момента Статус (Текущо местоположение) Дата на вписване в системата Местоположение - отдел Цена в лева Систематично азбучна сигнатура Баркод Цена в евро Служебен тип на артикула
  Не е изгубен Universal Decimal Classification Не е повреден само за читалня ползва се в читалня 857018 Регионална библиотека "Любен Каравелов" Русе Регионална библиотека "Любен Каравелов" Русе Хранилище 2021-10-11 Основен фонд - ползва се само за читалня 42.50 Цб І 40711 120000860123 21.73 Книги
Vip Innovations Ltd, Rousse, Bulgaria 2025